000 00423nam a2200169Ia 4500
008 230711s9999||||xx |||||||||||||| ||und||
020 _a978-81-219-0893-1
041 _aENG
082 _a515.625
_bRA-A
100 _aRaisinghania, M.D
245 0 _aAdvanced differential equations
250 _a8th . Ed.
260 _c2015
_aNew Delhi
_bS.Chand & Company Ltd
300 _a3.28p.
650 _aMathematics
942 _cBK
999 _c5792
_d5792